| 000 | 00498pab a2200193 454500 | ||
|---|---|---|---|
| 008 | 180718b2015 xxu||||| |||| 00| 0 eng d | ||
| 100 | _aNishad, Prabhakar | ||
| 245 | _aGender difference in private expenditure on education in India | ||
| 260 | _c2015 | ||
| 300 | _ap.12-24. | ||
| 362 | _aJun-Dec | ||
| 650 | _aExpenditure - India | ||
| 650 | _aEducation - India | ||
| 650 | _aWomen - India | ||
| 650 | _aWomen | ||
| 700 | _aSinha, B.R.K. | ||
| 773 | _aSocial Profile | ||
| 909 | _a110236 | ||
| 999 |
_c110231 _d110231 |
||